000 00495nam a2200181Ia 4500
005 20250326123813.0
008 250326s9999 xx 000 0 und d
037 _aTextbook
040 _aFMSL
_beng
_cFMSL
041 _aeng
_2eng
084 _aS:7 K3
_qFMSL
100 _aLazarus R S
_9736140
245 0 _aPersonality and adjustment
_cLazarus R S
260 _aNew Jersey
_bNew Jersey, Prentice-Hall
_c1963
300 _a117p
942 _cTB
_hS:7 K3
999 _c1271023
_d1271023